kraje europejskie - Statystyki

Ogólne statystyki
  • Ten quiz został rozwiązany 201 razy
  • Średni wynik to 37 z 45
Statystyki odpowiedzi
Obrazkowy Odpowiedź % Poprawnych
Polska
100%
Portugalia
98%
Francja
95%
Grecja
95%
Niemcy
95%
Albania
94%
Belgia
94%
Białoruś
94%
Czechy
94%
Austria
93%
Estonia
92%
Cypr
91%
Chorwacja
90%
Rosja
90%
Holandia
89%
Dania
88%
Finlandia
88%
Włochy
88%
Litwa
87%
Macedonia Północna
86%
Norwegia
85%
Rumunia
85%
Słowacja
85%
Bośnia
84%
Irlandia
84%
Szwecja
84%
Hiszpania
83%
Szwajcaria
82%
Węgry
82%
Ukraina
80%
Wielka Brytania
80%
Malta
79%
Turcja
79%
Słowenia
78%
Łotwa
77%
Islandia
76%
Watykan
73%
Bułgaria
72%
Serbia
72%
Kosowo
69%
Kazachstan
67%
Mołdawia
66%
San Marino
66%
Luksemburg
62%
Andora
59%
Nie znaleziono quizów pasujących do podanych kryteriów
Rozkład punktacji
Procent ludzi z każdym wynikiem
Percentyl według liczby udzielonych odpowiedzi
Twoja historia wyników
Nie rozwiązałeś tego quizu